| 000 | 00832cad a22002055a 4500 | ||
|---|---|---|---|
| 001 | E147677 | ||
| 008 | 090604s2008 xxk 000 0 eng d | ||
| 035 | _a(Sirsi) u147677 | ||
| 041 | 0 | _aeng | |
| 110 | 2 |
_aScottish Agricultural College _bRural Policy Centre _95663 |
|
| 245 | 0 | 0 |
_aClimate change and agriculture _bmapping the policy landscape _h[electronic resource] |
| 260 | _c[2008] | ||
| 490 | _aSAC Rural Policy Centre Policy Briefing | ||
| 520 | _aDiscusses the policy options available for reducing greenhouse gas emissions in agriculture. | ||
| 590 | _aKA | ||
| 651 | 4 |
_aScotland _y1999- |
|
| 690 | _aENVIRONMENTAL AND LAND CONSULTANCY-AGRIBUSINESS-AGRICULTURE | ||
| 856 | 4 | 0 |
_uhttps://www.sac.ac.uk/mainrep/pdfs/climatechangepolicylandscape.pdf _zView the briefing free of charge (pdf file) at www.sac.ac.uk |
| 942 | _n0 | ||
| 999 |
_c81610 _d81610 |
||